| 000 | 01064nam a22002532 4500 | ||
|---|---|---|---|
| 001 | 0000023623 | ||
| 005 | 20151217152245.0 | ||
| 008 | 130312s xx 000 0 eng d | ||
| 020 | _a0857025197 : | ||
| 040 |
_aKABU _cKABU |
||
| 245 | 1 | 0 |
_aPublic sector accounting / _cedited by Rowan Jones. |
| 250 | _a1st ed. | ||
| 260 |
_aLondon : _bSAGE, _c2011. |
||
| 300 | _a4 v. | ||
| 505 | 0 | _aVolume I Introduction, budgeting and performance measurement - Volume II Accounting and reporting - Volume III Auditing - Volume IV Comparative international. | |
| 650 | 0 |
_aFinance, Public _xAccounting _zGreat Britain. _@0000183183 |
|
| 700 | 1 |
_aJones, Rowan. _@0000183184 |
|
| 852 | 1 | _9p96000 KES (4 v. set) | |
| 852 | 1 | _9p96000 KES (4 v. set) | |
| 852 | 1 | _9p96000 KES (4 v. set) | |
| 852 | 1 | _9p96000 KES (4 v. set) | |
| 908 | _a130312 | ||
| 950 | _@1 | ||
| 999 |
_c9896 _d9896 |
||